000 00588nam a22001937a 4500
003 OSt
005 20250623020124.0
008 250623b |||||||| |||| 00| 0 eng d
020 _a 978-1-78019-409-1
040 _aDWCL - Main lib
_cOC
082 _aCirc. 641.595 Y68k 2014
100 _aJin Song Young
245 _a Korean Cooking/
_cJin Song Young
260 _aLondon :
_bSouthernwater,
_cc2014.
300 _a256 pages :
_b color illustrations ;
_c22cm.
504 _aIncludes glossary, Bibliography and index.
650 _a1. Cooking. korean
942 _2ddc
_cBK-CIRC
_kCirc.
_n0
999 _c3232
_d3232